[Event "EU-chT (Men) 14th"]
[Site "Plovdiv"]
[Date "2003.10.13"]
[Round "3.3"]
[White "Krasenkow, Michal"]
[Black "Eljanov, Pavel"]
[Result "1/2-1/2"]
[WhiteElo "2597"]
[BlackElo "2597"]
[Annotator "Krasenkow,M"]
[PlyCount "80"]
[EventDate "2003.10.10"]
[EventType "team-swiss"]
[EventRounds "9"]
[EventCountry "BUL"]
[SourceTitle "CBM 098"]
[Source "ChessBase"]
[SourceDate "2004.02.03"]
[SourceVersion "1"]
[SourceVersionDate "2004.02.03"]
[SourceQuality "1"]
[WhiteTeam "Poland"]
[BlackTeam "Ukraine"]
[WhiteTeamCountry "POL"]
[BlackTeamCountry "UKR"]

1. d4 Nf6 2. c4 g6 3. Nc3 d5 4. cxd5 Nxd5 5. e4 Nxc3 6. bxc3 Bg7 7. Be3 c5 8.
Qd2 O-O 9. Rc1 Qa5 10. d5 e6 11. Nf3 {With a transposition of moves, an old,
already well-forgotten line has arisen.} exd5 12. exd5 Bg4 (12... Nd7 {is
quite possible. The queen exchange doesn't bring White any real profits:} 13.
c4 (13. Bd3 b5 14. c4 Qxd2+ 15. Nxd2 bxc4 16. Bxc4 Nb6 (16... Bb7 $11) 17. O-O
Rd8 18. Bb3 Nxd5 (18... Bb7 $11 {Ftacnik}) 19. Bg5 f6 20. Rxc5 Be6 21. Ne4 $1
Kf7 22. Re1 $16 {1-0 Ftacnik,L-Hartston,W/Skara 1980/EU-chT (42)}) 13... Qxd2+
14. Kxd2 (14. Nxd2 Re8 (14... f5 $5 {Mikhalchishin,A}) 15. Be2 Ne5 16. Nf3 b6
17. Nxe5 Bxe5 18. Kd2 Bd7 19. Bd3 Re7 20. Rhe1 Rae8 $11 {1/2-1/2 Franke,
H-Mikhalchishin,A/Budapest 1988/CBM 09 (34)}) 14... f5 (14... Re8 15. Bd3 b6
16. Bf4 Nf6 17. Rhe1 Bd7 18. Rxe8+ Nxe8 {1/2-1/2 Konstantinov,S-Schmidt,W/
Katowice 1990/EXT 97 (18)}) 15. Kc2 f4 16. Bd2 Nf6 17. Bd3 Bd7 18. Rce1 Ba4+
19. Kc1 b5 $13 {0-1 Herzog,J-Filipovic,B/Zuerich 1989/EXT 97 (35)}) (12... Bf5
13. Be2 c4 $1 (13... Na6 14. O-O Rac8 15. Bh6 Bxh6 16. Qxh6 f6 17. Nh4 Qxa2 18.
Nxf5 gxf5 19. Bf3 $40 {1-0 Ftacnik,L-Jansa,V/Trencianske Teplice 1979/MCD (24)}
) 14. O-O Nd7 15. Rfd1 Nc5 16. Bd4 Nd3 17. Rb1 Be4 18. Bxg7 Kxg7 19. Nd4 a6 20.
Bxd3 Bxd3 21. Rxb7 Qxd5 22. Re7 Rfe8 23. Ne6+ Qxe6 24. Rxe6 Rxe6 {1/2-1/2
Bagirov,V-Grigorian,K/Minsk 1983/MCD (24)}) (12... Re8 {is very flexible:} 13.
Be2 (13. Bd3 Bg4 14. c4 (14. Ng5 c4 15. Bxc4 Rc8 16. Be2 Bxe2 17. Kxe2 Nd7 18.
c4 Qa6 $36 {1-0 Nikitin,A-Gorjatschkin,W/St Ingbert 1991/EXT 97 (27)}) 14...
Qa3 {-13.c4}) (13. c4 Qa3 14. Bd3 (14. Be2 $143 Bf5) 14... Bg4 15. Ng5 (15. O-O
Bxf3 16. gxf3 Nd7 $15 {1-0 Arbakov,V-Henrichs,T/Schwaebisch Gmuend 1995/CBM 45
ext (34)}) 15... h6 16. Ne4 Nd7 17. O-O Bf5 $13) 13... Bf5 (13... Nd7 $5 14. c4
Qa3 (14... Qxd2+ 15. Kxd2 Nf6 16. Bd3 b6 17. Rhe1 Bd7 18. Bf4 Nh5 19. Rxe8+
Rxe8 20. Be3 Nf6 $11 {1/2-1/2 Brodsky,M-Alterman,B/Rostov 1993/TD (34)}) 15.
O-O Nf6 16. Bd3 b6 17. h3 Bd7 18. Qc2 Rac8 19. Qb3 Qxb3 20. axb3 Ne4 $11 {
1/2-1/2 Eperjesi,L-Piankov,E/Budapest 1993/EXT 97 (25)}) 14. O-O Nd7 15. h3 (
15. c4 Qa3) (15. Qb2 Nf6 (15... Nb6 16. Qb3 {[#]} c4 $1 17. Bxc4 Rxe3 $1 18.
fxe3 Qc5 19. Bb5 a6 20. Be2 Nxd5 $1 21. Qxb7 $1 Re8 22. Bxa6 Bc8 $1 {1/2-1/2
Seirawan,Y-Olafsson,H/Novi Sad 1990/TD/[Seirawan] (22)}) 16. Bc4 (16. Qxb7 Qxa2
17. Bb5 Rab8 18. Qa6 Qxa6 19. Bxa6 Rxe3 $1 20. fxe3 Nxd5 $15) 16... Qb6 17. Qa3
Bf8 18. Rcd1 Bd6 19. h3 a6 20. Bh6 Qc7 $15 {0-1 Piket,J-Kortschnoj,V/Wijk aan
Zee 1990/CBM 17/[Ftacnik] (46)}) 15... Nb6 16. g4 Bd7 17. c4 Qxd2 18. Nxd2 Na4
19. Bf3 Nc3 (19... b5 20. cxb5 Bxb5 21. Nc4 Nc3 22. Nd6 Bxf1 23. Nxe8 Rxe8 24.
Kxf1 $10 {A.Karpov}) (19... f5 $5) 20. Rxc3 $1 Bxc3 21. Ne4 Rxe4 (21... Be5 22.
Nxc5 Bc8 23. Rb1 b6 $6 24. d6 Rb8 25. d7 $18) (21... Bg7 22. Nxc5 Bc8 23. d6
$16) 22. Bxe4 Re8 23. Bd3 b6 $11 {1/2-1/2 Karpov,A-Kasparov,G/Lyon/New York
1990/CBM 21/[Ftacnik] (42)}) (12... b6 13. Be2 Nd7 14. O-O Nf6 15. c4 Qxd2 16.
Nxd2 Re8 17. Rfe1 Bd7 18. h3 h6 19. Bd3 g5 20. g4 Nh7 21. Nf1 Nf8 22. Ng3 Ng6
$11 {0-1 Graf,A-Mamedyarov,S/Benidorm ESP 2003/The Week in Chess 473 (88)}) 13.
Ng5 {A new attempt, which doesn't bring White any real dividends.} (13. Be2 Nd7
14. c4 Qxd2+ (14... Qa3 $5) 15. Nxd2 Bxe2 16. Kxe2 Rae8 17. Nf3 Bd4 18. Kd3
Bxe3 19. fxe3 Nf6 20. Rhe1 Ne4 21. Re2 f5 $15 {1-0 Hoi,C-Santos,J/Debrecen
1992/EU-chT (52)}) 13... Na6 $1 {Black finds the most appropriate arrangement
of pieces.} (13... c4 14. Bxc4 Rc8 15. Bb3 Bxc3 16. Rxc3 Qxc3 (16... Rxc3 17.
O-O $36) 17. Qxc3 Rxc3 18. Ne4 $14) 14. h3 Bf5 15. g4 Bd7 16. Bg2 c4 $1 17. O-O
Nc5 $11 {This standard manoeuvre gives Black a good position.} 18. Bxc5 (18.
Bd4 Nd3 {[%csl Gd3]}) 18... Qxc5 19. Ne4 Qa3 (19... Qa5 $5) 20. Qf4 (20. g5 {
was another possible plan although Black is OK after} Rfe8 21. Nf6+ Bxf6 22.
gxf6 Qd6 23. Qd4 b5 $13) 20... f5 21. Qc7 $5 fxe4 22. Qxd7 Bxc3 (22... Rae8 $5
$13) 23. d6 Rad8 24. Qxb7 Rxd6 25. Qxe4 Kh8 26. Qxc4 Be5 {White can't make use
of his backward extra pawn.} 27. Rfe1 Rd4 28. Qe6 Bf6 29. Rc8 Rdd8 30. Rxd8
Bxd8 31. f4 $6 Qg3 (31... Qc5+ $142 32. Kh1 Rxf4 $11) 32. Rf1 Bb6+ 33. Kh1 Qe3
34. Qxe3 Bxe3 35. f5 gxf5 36. gxf5 Kg7 37. Bd5 Kf6 38. Be6 Rd8 39. Rb1 Bb6 40.
Rb4 Rd4 1/2-1/2

[Event "EU-Cup 20th"]
[Site "Izmir"]
[Date "2004.10.06"]
[Round "4.3"]
[White "Krasenkow, Michal"]
[Black "Avrukh, Boris"]
[Result "1/2-1/2"]
[WhiteElo "2676"]
[BlackElo "2614"]
[Annotator "Krasenkow,M"]
[PlyCount "64"]
[EventDate "2004.10.03"]
[EventType "team-swiss"]
[EventRounds "7"]
[EventCountry "TUR"]
[SourceTitle "CBM 104"]
[Source "ChessBase"]
[SourceDate "2005.01.27"]
[SourceVersion "1"]
[SourceVersionDate "2005.01.27"]
[SourceQuality "1"]
[WhiteTeam "Warsaw Polonia"]
[BlackTeam "Beer Sheva"]
[WhiteTeamCountry "POL"]
[BlackTeamCountry "ISR"]

1. d4 Nf6 2. c4 g6 3. Nc3 d5 4. cxd5 Nxd5 5. e4 Nxc3 6. bxc3 Bg7 7. Nf3 c5 8.
Rb1 O-O 9. Be2 Nc6 10. d5 Ne5 11. Nxe5 Bxe5 12. Qd2 e6 13. f4 Bc7 14. O-O exd5
15. exd5 Ba5 16. d6 Rb8 (16... b6) {Black keeps the b6 square for his bishop.
Still, the b7 pawn remains his headache.} 17. Ba3 (17. Rb5 $5 {, followed by
an exchange sacrifice:} Bd7 18. Rxa5 Qxa5 19. f5 c4 20. f6 Qc5+ 21. Kh1 Kh8 22.
Qh6 Rg8 23. Bg5 Qe5 24. Bxc4 Rbf8 25. Qh4 Qxd6 26. Rf4 Qd1+ 27. Rf1 Qd6 28. Bf4
Qb6 29. Bh6 Be6 30. Bxf8 Rxf8 31. a4 Bxc4 32. Qxc4 h5 33. h3 Kh7 34. Rf4 Qe6 {
1/2-1/2 Bormida,A-Peto,P/IECG 2001/Telechess CBM 87 (34)}) (17. g4 $5 Bd7 (
17... c4 $5) 18. f5 gxf5 19. Bd3 Kh8 20. Bxf5 Rg8 21. Bxd7 Qxd7 22. h3 f5 23.
Bb2 c4 24. Qd4+ Rg7 25. Bc1 b5 26. Qf6 Bb6+ 27. Kh2 Bc5 28. Bf4 Re8 29. Rbe1
fxg4 30. Rxe8+ Qxe8 31. Be5 {1-0 Wells,P-Huzman,A/Antwerp 1993/EXT 97 (31)})
17... Bf5 18. Rbd1 (18. Rbc1 $5 Rc8 19. g4 Bd7 20. Bf3 b5 21. f5 Qh4 22. Rce1
Qf6 23. Bb2 c4 24. fxg6 hxg6 25. Re7 Bb6+ 26. Kg2 Be6 27. Ba3 Rcd8 28. d7 Bc7
29. Bc6 Qh4 30. Kh1 Qh3 31. Rf6 Qh4 32. g5 {1-0 Alpert,A-Nemec,B/ICCF Email
2001/ICCF Telechess (32)}) 18... Rc8 (18... b6 {is illogical:} 19. h3 Qf6 20.
Bb2 Rbd8 21. Bb5 Bd7 22. c4 $1 Qf5 23. Bxd7 Rxd7 24. Qe2 Qe6 25. Qxe6 fxe6 26.
Be5 $16 {1-0 Khalifman,A-Roos,D/Germany 1998/GER-chT (48)}) 19. g4 {'!' Quiet
play doesn't pose Black any problems:} (19. Bf3 Qf6 20. d7 (20. Bb2 $6 c4 21.
Rfe1 Bd3 22. Re5 Qxd6 $1 23. Bxb7 Rce8 24. Kh1 Rxe5 25. fxe5 Qxe5 26. Re1 Qf6
$19 {0-1 Belov,V-Nikolenko,O/Moscow 2000/EXT 2001 (32)}) 20... Rcd8 21. Bxc5
Rxd7 22. Qe3 Rc8 23. Rxd7 Bxd7 24. Bd4 Qd6 (24... Bb6 25. Bxb6 {1/2-1/2
Hessenius,I-Povchanic,D/ICCF Email 2002/ICCF Telechess CBM 100 (25).}) 25. Re1
Rxc3 26. Qe8+ {1/2-1/2 Eckstein,M-Kordts,W/IECG 2002/Telechess CBM 95 (26)})
19... Bd7 (19... Be4 20. d7 Rc7 21. Bf3 $16 {[%csl Gd7]}) 20. f5 Qh4 21. Bf3
gxf5 (21... Rfe8 $6 {Further attempts to improve Black's play can be connected
with} 22. Kh1 {[%cal Rf3d5,Rf3b7]} Re5 (22... b5 23. fxg6 $5 hxg6 24. Bd5) 23.
fxg6 hxg6 24. Qf4 Qg5 $6 {An inaccuracy but Black's position was difficult
anyway:} (24... Bxc3 {loses to the quiet move} 25. Bg2 $1 Rf8 26. Rd3 $1 g5 27.
Qf6 Bd4 28. Bxc5 $1 ({simpler than} 28. Rxd4 Re6 29. Qe7 $1) 28... Rxc5 29.
Qxd4 $18 {[%cal Od4c5,Rd3h3]}) (24... Rf5 25. Qe3 Rxf3 {is not enough either:}
26. Qxf3 Bc6 27. Rd5 Rf8 28. c4 $16) 25. Bxb7 $2 {This gives away White's
advantage.} (25. Bc1 Qxf4 26. Bxf4 Ree8 27. Bxb7 Re2 28. Rfe1 Rce8 {was not
quite clear but}) ({the simple} 25. Qg3 $1 {[%csl Rb7,Re5,Rf7][%cal Ca5c3,
Ya3c1] lead to a hopeless position for Black.}) 25... Qxf4 26. Rxf4 Rb8 27. Bd5
Bxc3 $1 (27... Rxd5 $143 28. Rxd5 Bc6 29. c4 $16) 28. Bxf7+ Kg7 29. Bc4 Rf8 {
Exchanging White's most active rook, after which the active position of
Black's pieces compensates White's extra pawn.} 30. Rxf8 Kxf8 31. h3 Ke8 32.
Kh2 Bc6 33. Bc1 {1/2 Krasenkow,M (2676)-Avrukh,B (2614)/Izmir 2004/CBM 104} ({
Or} 33. Bd3 g5 34. Bc1 Rd5 $1 35. Bg6+ Kd7 36. Rxd5 Bxd5 37. Bxg5 Be5+ 38. Kg1
Bxa2 {and Black should not lose.}) (33. Bc1 Kd7 $44 {e.g.} 34. Rf1 (34. Bd2 $6
Bxd2 35. Rxd2 Re4) 34... Kxd6 35. Bf4 Ke7 36. Bxe5 Bxe5+ 37. Kg1 Bd4+ $11)) (
21... b5 {, keeping his rook on f8 to protect the f7 pawn.}) 22. gxf5 Rfe8 23.
Kh1 Re5 24. Qf4 Qg5 25. Bxb7 Qxf4 26. Rxf4 Rb8 27. Bd5 Bxc3 28. Bxf7+ Kg7 29.
Bg6 hxg6 30. h3 Kf8 31. Kh2 Ke8 32. Bc1 Bc6 1/2-1/2

[Event "RUS-ch 56th"]
[Site "Krasnoyarsk"]
[Date "2003.09.10"]
[Round "7"]
[White "Ionov, Sergey"]
[Black "Fominyh, Alexander"]
[Result "1/2-1/2"]
[WhiteElo "2556"]
[BlackElo "2520"]
[Annotator "Krasenkow,M"]
[PlyCount "31"]
[EventDate "2003.09.03"]
[EventType "swiss"]
[EventRounds "9"]
[EventCountry "RUS"]
[SourceTitle "CBM 098"]
[Source "ChessBase"]
[SourceDate "2004.02.03"]
[SourceVersion "1"]
[SourceVersionDate "2004.02.03"]
[SourceQuality "1"]

1. d4 Nf6 2. c4 g6 3. Nc3 d5 4. cxd5 Nxd5 5. e4 Nxc3 6. bxc3 Bg7 7. Nf3 c5 8.
Be3 Nc6 9. Qd2 Qa5 10. Rb1 b6 $5 {This old move is revived by GM Alexander
Fominyh in this game.} (10... O-O 11. Rb5 cxd4 12. Rxa5 dxe3 13. Qxe3 Nxa5 {and
}) (10... a6 11. Rc1 cxd4 12. cxd4 Qxd2+ 13. Kxd2 f5 {are the most topical
variations.}) 11. Bb5 Bb7 $1 {[%mdl 8] A very important novelty!} (11... Bd7 {
is met by a strong reply:} 12. d5 $1 Nb8 (12... a6 13. Bxc6 Bxc6 14. Rc1 Ba4
15. O-O O-O 16. Bh6 Rad8 17. Qf4 f6 18. Bxg7 Kxg7 19. c4 $16 {1-0 Naumann,
A-Wilhelmi,C/Germany 2002/EXT 2003 (30)}) (12... Bxc3 13. dxc6 Be6 14. c7+ Kf8
15. a4 $1 {and Black can't win White's queen!}) 13. Bxd7+ Nxd7 14. Rc1 O-O 15.
O-O Rad8 16. Bg5 f6 17. Bf4 Rfe8 18. Rfd1 $14 {1-0 Khenkin,I-Nijboer,F/Haarlem
2000/EXT 2001 (42)}) 12. O-O (12. d5 Bxc3 13. dxc6 {doesn't work now due to}
Ba6 $1) 12... O-O (12... a6 13. Bxc6+ $8 Bxc6 {is quite possible, too.}) 13. d5
Ne5 14. Nxe5 Bxe5 15. Rb3 Ba6 16. c4 1/2-1/2

[Event "EU-Cup 19th"]
[Site "Rethymno"]
[Date "2003.10.03"]
[Round "6.5"]
[White "Georgiev, Kiril"]
[Black "Krasenkow, Michal"]
[Result "0-1"]
[WhiteElo "2637"]
[BlackElo "2585"]
[Annotator "Krasenkow,M"]
[PlyCount "104"]
[EventDate "2003.09.28"]
[EventType "team-swiss"]
[EventRounds "7"]
[EventCountry "GRE"]
[SourceTitle "CBM 098"]
[Source "ChessBase"]
[SourceDate "2004.02.03"]
[SourceVersion "1"]
[SourceVersionDate "2004.02.03"]
[SourceQuality "1"]
[WhiteTeam "Sarajevo Bosna"]
[BlackTeam "Warsaw Polonia"]
[WhiteTeamCountry "BIH"]
[BlackTeamCountry "POL"]

1. d4 Nf6 2. c4 g6 3. Nf3 Bg7 4. Nc3 d5 5. cxd5 Nxd5 6. e4 Nxc3 7. bxc3 c5 8.
Be3 Qa5 9. Qd2 Nc6 10. Rc1 cxd4 11. cxd4 Qxd2+ 12. Kxd2 O-O 13. d5 Rd8 14. Ke1
Na5 15. Bg5 Bd7 16. Bd3 f5 $1 {Step by step it is getting clear that this is
the best move for Black in this line. White's uncastled king doesn't feel too
well after the position in the centre opens up.} 17. e5 {For the other options
- see annotations to Ftacnik-Sutovsky in CBM90.} Be8 18. d6 Rdc8 $1 19. Kd2 {
The present game shows that Black has no problems after this move.} (19. Ke2 {
-see CBM90}) 19... exd6 20. exd6 Bf8 21. Bf4 $146 ({Or} 21. Be7 Bxe7 22. dxe7
Nc6 23. Rhe1 Rc7 24. Nd4 Bf7 $1 25. Nxc6 bxc6 26. Bc4 Re8 27. Rc3 Bxc4 28. Rxc4
Kf7 $17 {0-1 Schrancz,I-Pasko,W/ICCF Email 2001/ICCF tele 9/2002 (47)}) 21...
Rd8 $1 {[%csl Rd6] Black is playing for a win!} (21... Rxc1 $143 22. Rxc1 Rd8
23. Ng5 $1 Bxd6 24. Bxd6 Rxd6 25. Rc8 Kf8 26. Nxh7+ Ke7 27. Kc3 $11) 22. Rhe1
Bf7 (22... Bc6 23. Rc5 b6 24. Rxa5 $1 bxa5 25. Bc4+ Kg7 (25... Kh8 $2 26. Ng5)
26. Be5+ Kh6 27. Bf4+ $11) 23. Ng5 (23. Rc7 $142 Rxd6 $1 (23... Bxd6 24. Bxd6
Rxd6 25. Ree7 Bxa2 26. Ng5 (26. Rg7+ Kf8 27. Ng5 h6 28. Nh7+ Ke8 $17) 26... h6
27. Nf7 $44 Bxf7 28. Rxf7 Rc8 29. Rg7+ Kf8 30. Rcf7+ Ke8 31. Re7+ Kd8 32. Ref7
Nc4+ 33. Kd1 $1 Nb2+ (33... Rxd3+ 34. Ke2 Rd2+ 35. Ke1 Ke8 36. Re7+ $11) 34.
Ke2 Re6+ 35. Kd2 $11) 24. Ng5 $1 (24. Bxd6 Bxd6 {[%cal Rd6b4]}) 24... Rd4 $1 (
24... Bxa2 25. Nxh7 Rc6 26. Nxf8 Rxf8 27. Ree7 $44) 25. Be5 $1 (25. Nxf7 Rxf4
26. Re2 Rd4 $17) 25... Nc4+ $1 26. Rxc4 Rxc4 27. Nxf7 Rc6 28. Ng5 Bb4+ 29. Ke2
Bxe1 30. Kxe1 Rd8 31. Ke2 Rd5 $15) 23... Bxd6 (23... Bxa2 24. Rc7 Bxd6 25. Bxd6
Rxd6 26. Ree7 $44 {-23.Rc7}) 24. Bxd6 Rxd6 25. Nxf7 ({Now} 25. Rc7 {was not
enough to save the game. After some complications Black kept his extra pawn:}
Rad8 ({but not} 25... Bc4 $6 26. Ree7 Rxd3+ 27. Kc2 $44) 26. Rxf7 (26. Nxf7
Rxd3+ 27. Kc1 (27. Kc2 Rd2+ 28. Kc1 R8d7 29. Re7 Rxe7 30. Rxe7 Rxf2) 27... R8d7
28. Re7 (28. Rxd7 Rxd7 $19 {_|_}) 28... Rd1+ 29. Kc2 R1d2+ $19) 26... Rxd3+ 27.
Kc2 R3d7 28. Ree7 Rc8+ 29. Kb1 (29. Kb2 Nc4+) 29... Rd1+ 30. Kb2 Nc4+ 31. Kb3
Rd3+ 32. Kc2 (32. Kb4 $2 a5+) 32... Ne5+ 33. Rc7 Nxf7 34. Rxc8+ Rd8 $19 {_|_})
25... Kxf7 26. Rc7+ Kf6 27. Rxh7 {White has restored the material balance but
his completely naked king is terribly chilled!} Nc6 ({The obvious} 27... Rad8 {
was more precise:} 28. Rh3 Nc4+ ({or} 28... Nc6 {-27...Nc6}) 29. Kc3 (29. Kc2
Ne5) 29... Nb6 $1 (29... Ne5 30. Be2) 30. Kc2 Nd5 $1 31. Rh4 (31. Bf1 Rc8+ 32.
Kb2 $8 Nb4 $19) 31... Rc8+ 32. Kd2 $8 (32. Kb2 Rb6+ 33. Ka1 Nb4 34. Rd4 Nc2+
35. Bxc2 Rxc2 $19) 32... Nb6 33. Rh3 Nc4+ 34. Kd1 Nb2+ $19) 28. f4 $4 {A
blunder but it is not easy to find a good defense:} (28. Rd1 Nb4 29. Kc3 Nxa2+
30. Kb2 Nb4 31. Be2 Rxd1 32. Bxd1 Nd3+ $19) (28. Rh3 Rad8 (28... Ne5 $5) 29.
Kc3 (29. Ke2 Nb4 30. Bc4 Rc8 $1 31. Bb3 Nxa2 $19) 29... Rc8 30. Kd2 Nb4 31. Rb1
Rc2+ 32. Kd1 Rc4 33. Kd2 Rcd4 34. Rb3 Nxa2 $19) (28. Rxb7 $142 {That's why 27..
.Rad8 was more accurate} Rad8 29. Rb3 Ne5 30. Rxe5 Kxe5 $17 {_|_ and White can
put up a long resistance.}) 28... Rad8 29. Re3 Nb4 30. Ree7 (30. Rhh3 Nxa2 $19)
30... Rxd3+ 31. Ke2 Rd2+ ({better than} 31... Rf8 32. g4 fxg4 33. Re4) 32. Ke1
Nc2+ 33. Kf1 Rf8 {This simple move was overlooked by my opponent! The rest was
completely unnecessary:} 34. Rxb7 Ne3+ 35. Ke1 Rxa2 36. g3 Ng4 37. Kf1 Nxh2+
38. Kg1 Nf3+ 39. Kf1 Nd2+ 40. Kg2 Ne4+ 41. Kh3 Ra3 42. Rxa7 Rxa7 43. Rxa7 Rh8+
44. Kg2 Rc8 45. Ra6+ Kg7 46. Ra7+ Kh6 47. Kh3 Rc3 48. Kh4 Rc1 49. Kh3 Rg1 50.
Ra3 Rh1+ 51. Kg2 Rc1 52. Ra8 Rc3 0-1

[Event "Budapest FS04 GM-A"]
[Site "Budapest"]
[Date "2002.04.12"]
[Round "11"]
[White "Kallio, Heikki"]
[Black "Horvath, Csaba"]
[Result "1/2-1/2"]
[WhiteElo "2502"]
[BlackElo "2539"]
[Annotator "Krasenkow,M"]
[PlyCount "39"]
[EventDate "2002.04.02"]
[EventType "tourn"]
[EventRounds "13"]
[EventCountry "HUN"]
[EventCategory "9"]
[SourceTitle "CBM 089"]
[Source "ChessBase"]
[SourceDate "2002.08.12"]
[SourceVersion "1"]
[SourceVersionDate "2002.08.12"]
[SourceQuality "1"]

1. d4 Nf6 2. c4 g6 3. Nc3 d5 4. cxd5 Nxd5 5. e4 Nxc3 6. bxc3 Bg7 7. Bb5+ c6 8.
Ba4 O-O 9. Ne2 c5 10. d5 {The origin of this move and its ideas were explained
by GM Boris Avrukh in CBM75.} e6 (10... b6 {is interesting but apparently
insufficient for equality:} 11. O-O Ba6 12. Bg5 h6 13. Bh4 Nd7 14. f4 Nf6 15.
Bc2 Bc4 16. Bd3 Bxd3 17. Qxd3 b5 18. a4 a6 19. c4 e6 $6 20. e5 bxc4 21. Qf3 g5
22. exf6 Bxf6 23. fxg5 Bxa1 24. Rxa1 hxg5 25. Qg4 f5 26. Qg3 f4 27. Nxf4 $1 Rf5
28. Re1 $18 {1-0 Ulibin,M-Kallio,H/Stockholm 2000/CBM 79 ext (56)}) 11. O-O (
11. Be3 {is less flexible:} Na6 (11... Qa5 12. O-O exd5 13. exd5 Nd7 14. Bb3
Ne5 15. c4 Bf5 16. Nf4 Ng4 17. Bd2 Bc3 18. Bxc3 Qxc3 19. Rc1 Qe5 $11 {1/2-1/2
Hellsten,J-Ernst,T/Sweden 2000/EXT 2001 (41)}) 12. Bb3 exd5 13. Bxd5 Nc7 14.
Bc4 Qe7 15. f3 b5 16. Bb3 c4 17. Bc2 b4 18. Rb1 bxc3 19. O-O Rd8 20. Qc1 Ba6
21. a4 Ne6 22. f4 Nd4 $17 {0-1 Ulibin,M-Dvoirys,S/Geneva 2001/EXT 2002 (29). 
(29)}) 11... exd5 12. exd5 a6 $5 $146 {[%mdl 8] A new plan. Black starts
surrounding the d5 pawn. The stem game saw} (12... Nd7 13. Be3 Qa5 14. Bb3 Ne5
15. c4 Bf5 {but after} 16. Rc1 $1 Nd3 $2 17. Rc2 Nb2 18. Qd2 Qxd2 19. Rxd2 b5
20. cxb5 c4 21. Nd4 $1 c3 22. Nxf5 cxd2 23. Ne7+ Kh8 24. Bxd2 {1-0 Avrukh,
B-Danailov,S/Wijk aan Zee 2000/CBM 75 (40) White parried Black's pounce,
obtaining a winning endgame}) 13. Be3 b5 14. Bc2 Nd7 15. a4 Bb7 (15... b4 $5 {
deserves attention, too, but Black consequently continues his plan.}) 16. Rb1 (
16. axb5 axb5 17. Rxa8 Qxa8 {[%csl Rd5]}) 16... Re8 17. axb5 axb5 18. Bd3 (18.
Rxb5 Ba6 19. Rb1 Nf6 {[%cal Rf6d5,Rf6g4]}) 18... Bxd5 $11 19. Bxb5 Be6 20. Qc1
1/2-1/2

[Event "EU-ch 6th"]
[Site "Warsaw"]
[Date "2005.06.26"]
[Round "8"]
[White "Mchedlishvili, Mikheil"]
[Black "Siebrecht, Sebastian"]
[Result "1/2-1/2"]
[WhiteElo "2518"]
[BlackElo "2438"]
[Annotator "Krasenkow,M"]
[PlyCount "74"]
[EventDate "2005.06.18"]
[EventType "swiss"]
[EventRounds "13"]
[EventCountry "POL"]
[SourceTitle "CBM 108"]
[Source "ChessBase"]
[SourceDate "2005.09.26"]
[SourceVersion "1"]
[SourceVersionDate "2005.09.26"]
[SourceQuality "1"]

1. d4 Nf6 2. c4 g6 3. Nc3 d5 4. cxd5 Nxd5 5. Bd2 Bg7 6. e4 Nxc3 {This move,
"justifying" White's 5.Bd2, is rarely seen in practice. However, in the
present game Black finds an interesting idea of counterplay.} (6... Nb6 {
is the main line.}) 7. Bxc3 O-O 8. Rc1 {Other options:} (8. Bc4) (8. Qd2) 8...
e5 $5 {[%mdl 520] An interesting pawn sacrifice (although not a novelty).
Usual alternatives:} (8... b6) (8... Nd7) (8... Nc6) (8... c6) (8... e6) 9.
dxe5 (9. d5 $5 {deserves attention. The only game, in which 8...e5 had been
played, saw} f5 10. exf5 (10. Bb4 $5) 10... Bxf5 11. Qb3 Be4 12. d6+ $6 (12.
Rd1 $5) 12... Kh8 13. dxc7 Qxc7 14. f3 Bf5 15. Bd2 Nc6 16. Bb5 Rad8 $17 {
0-1 Janevska,A-Blazkova,P/Batumi 1999/CBM 073 ext (29)}) 9... Qe7 10. f4 Nc6
11. Nf3 (11. Bb5 Rd8 12. Qa4 Bd7 13. Nf3 a6 14. Bxc6 Bxc6 15. Qc4 Bh6 16. g3
Bb5 17. Qb3 c5 $44) 11... Bg4 12. Kf2 $6 {A strange decision but Black has a
good compensation anyway.} (12. Be2 Bxf3 13. Bxf3 g5 $1 $132) 12... Rad8 13.
Qc2 g5 $1 {The pointe of Black's plan.} 14. g3 $2 {White probably overlooked
something.} (14. Nxg5 $142 Nxe5 15. Kg3 Bh5 $44) 14... Qc5+ 15. Kg2 gxf4 16.
Be2 {It turns out that White can't recapture the pawn.} (16. gxf4 Qe3 17. Be2
Bxf3+ 18. Bxf3 Qxf4 $19) 16... Qe3 $6 (16... Bxf3+ 17. Bxf3 fxg3 18. hxg3 Nxe5
$17 {was simpler.}) 17. Rce1 fxg3 {Simple play is now insufficient. Tactical
tricks were required to keep advantage:} (17... Bxe5 $142 $1 18. Nxe5 (18. Bxe5
Bxf3+ 19. Bxf3 Rd2+ 20. Qxd2 Qxd2+ 21. Re2 Qd3 $17) (18. gxf4 Bxf3+ 19. Bxf3
Qxf4) 18... Nxe5 19. Bxg4 (19. Bxe5 f3+ 20. Bxf3 Rd2+ $19) 19... f3+ 20. Bxf3 (
20. Kf1 Nxg4 21. h3 Qh6 $19) 20... Qxf3+ 21. Kg1 Nd3 $17) 18. hxg3 Qc5 {
Black "admits" his mistakes... without sufficient reason. In fact, he breaks
the "Znosko-Borovsky" rule, which says: don't remove your queen from the
opponent's camp, even if it appears to be in jeopardy!} (18... Bxe5 $2 {
was too late:} 19. Nxe5 Nxe5 20. Bxg4 Nxg4 21. Rh4 Qg5 22. Qc1 $1 Qg6 23. Qf4
$16) (18... Nxe5 $2 {didn't work either:} 19. Nxe5 Bxe5 20. Bxg4 Qxg3+ 21. Kf1
$18) ({However, a developing} 18... Rfe8 $5 {was quite possible, e.g.} 19. Rh4
h5 20. Bd1 Qd3 {keeping strong pressure.}) 19. Qb3 $6 {After this White loses
a pawn without any compensation.} (19. Qc1 $142 Bxf3+ 20. Bxf3 Nxe5 21. Qg5
$132) 19... Bxf3+ 20. Bxf3 Bxe5 (20... Nd4 $5) 21. Rh5 Nd4 22. Qd1 f6 {[%csl
Gd4,Ge5]} 23. Reh1 Rf7 24. Bg4 Rg7 25. R1h3 Qd6 (25... Qe7 $5 {[%cal Yc7c5]})
26. Bf5 {A desperate attempt, which unexpectedly brings a full success.} (26.
Bxd4 Qxd4 27. Qxd4 Rxd4 28. Be6+ Kf8 29. Rxh7 Rd2+ 30. Kf3 Rxb2 $19) 26... Nxf5
27. Qb3+ Kh8 28. Rxf5 (28. exf5 Bxc3 29. Qxc3 Qd2+ $19) 28... Bxg3 29. Rd5 Be5+
$2 (29... Bh2+ 30. Kf2 Qf4+ {with a quick mate.}) 30. Kf3 Qe7 31. Qxb7 Bxc3 32.
bxc3 Re8 33. Rf5 Qa3 $2 (33... Qf7 {[%cal Ch3g3,Cb7a7,Rf7g6,Rf7c4,Rf7a2] was
still easily winning.}) 34. Qc6 Rf8 35. Qc5 Qxc5 36. Rxc5 {White has
miraculously avoided mate. Completely upset, Black doesn't try to realize his
extra pawn.} Rb8 37. Rhh5 Rb6 1/2-1/2